书目信息 |
| 题名: |
有色金属基础理论研究
|
|
| 作者: | 陈启元 著 | |
| 分册: | ||
| 出版信息: | 北京 科学出版社 2005 |
|
| 页数: | 240页 | |
| 开本: | 24cm | |
| 丛书名: | 21世纪科学版化学专著系列 | |
| 单 册: | ||
| 中图分类: | TF8 , TF801.1 | |
| 科图分类: | ||
| 主题词: | 有色金属冶金--研究 , 有色金属冶金 | |
| 电子资源: | ||
| ISBN: | 7-03-015045-7 | |
| 000 | 01022nam0 2200289 450 | |
| 000 | 00998nam0 2200277 450 | |
| 000 | 00932nam0 2200253 450 | |
| 000 | 00896nam0 2200241 45 | |
| 005 | 20070527114908.28 | |
| 010 | @a7-03-015045-7@b精装@dCNY40.00 | |
| 100 | @a20070410d2005 em y0chiy0120 ea | |
| 101 | 0 | @achi |
| 102 | @aCN@b110000 | |
| 105 | @ay z 000yy | |
| 200 | 1 | @a有色金属基础理论研究@AYou Se Jin Shu Ji Chu Li Lun Yan Jiu@e新方法与新进展@EXin Fang Fa Yu Xin Jin Zhan@f陈启元等著@FChen Qi Yuan Deng Zhu |
| 210 | @a北京@c科学出版社@d2005 | |
| 215 | @a240页@d24cm | |
| 225 | 2 | @a21世纪科学版化学专著系列 |
| 330 | @a 本书包括铝矿物和含铝离子的热力学性研究、硫化矿机械活化过程的能量学研究、氯化铝生产中铝酸钠溶液分解过程的研究等6章。 | |
| 410 | 0 | @12001 @a21世纪科学版化学专著系列 |
| 606 | 0 | @a有色金属冶金@x研究 |
| 606 | 0 | @a有色金属冶金 |
| 690 | @aTF8@v4 | |
| 690 | @aTF801.1@v3 | |
| 701 | 0 | @a陈启元@AChen Qi Yuan@f(1948.6~)@4著 |
| 801 | 0 | @aCN@bTAOJIN@c20070527 |
| 905 | @a10447@dTF801.1@e27 | |
| 有色金属基础理论研究:新方法与新进展/陈启元等著.-北京:科学出版社,2005 |
| 240页;24cm.-(21世纪科学版化学专著系列) |
| ISBN 7-03-015045-7(精装):CNY40.00 |
| 本书包括铝矿物和含铝离子的热力学性研究、硫化矿机械活化过程的能量学研究、氯化铝生产中铝酸钠溶液分解过程的研究等6章。 |
| ● |
| 相关链接 |
|
|
|
|
正题名:有色金属基础理论研究
索取号:TF801.1/27
 
预约/预借
| 序号 | 登录号 | 条形码 | 馆藏地/架位号 | 状态 | 备注 |
| 1 | 0522866 | 205228662 | 第二样本阅览室/ [索取号:TF801.1/27] | 在馆 | |
| 2 | 0522867 | 205228671 | 第三借阅区/ [索取号:TF801.1/27] | 在馆 | |
| 3 | 0522868 | 205228680 | 密集书库/ [索取号:TF801.1/27] | 在馆 | |
| 4 | 0522869 | 205228699 | 密集书库/ [索取号:TF801.1/27] | 在馆 | |
| 5 | 0522870 | 205228706 | 密集书库/ [索取号:TF801.1/27] | 在馆 | |
| 6 | 0522871 | 205228715 | 第三借阅区/ [索取号:TF801.1/27] | 在馆 |